[Event "Ruhrgebiet Regionalliga 1516"]
[Site "Germany"]
[Date "2016.01.17"]
[Round "5.8"]
[White "Simon, Thomas"]
[Black "Lucke, Thomas"]
[Result "1/2-1/2"]
[WhiteElo "1728"]
[BlackElo "1850"]
[PlyCount "60"]
[EventDate "2015.09.13"]
[EventType "team-tourn"]
[EventRounds "9"]
[EventCountry "GER"]
[SourceTitle "EXT 2022"]
[Source "ChessBase"]
[SourceDate "2021.10.06"]
[SourceVersion "1"]
[SourceVersionDate "2021.10.06"]
[SourceQuality "1"]
[WhiteTeam "Brackel SF"]
[BlackTeam "Sodingen/Castrop SK II"]
[WhiteTeamCountry "GER"]
[BlackTeamCountry "GER"]

1. Nf3 d5 2. c4 c6 3. g3 Nf6 4. Bg2 Bf5 5. cxd5 cxd5 6. Qb3 Qb6 7. Nc3 Nc6 8. Nxd5 Nxd5 9. Qxd5 e6 10. Qb3 Qxb3 11. axb3 Bc2 12. 0-0 Bxb3 13. d3 e5 14. Be3 Bd5 15. Rfc1 Be7 16. Bc5 f6 17. e3 a6 18. d4 e4 19. Nd2 f5 20. Nc4 Bxc5 21. dxc5 Bxc4 22. Rxc4 Rd8 23. g4 g6 24. gxf5 gxf5 25. f3 exf3 26. Bxf3 Rg8+ 27. Kh1 Rd2 28. Rf4 Rg5 29. b4 Ne5 30. Rg1 Nxf3 1/2-1/2

[Event "Mittelfranken-chTB2a 1314"]
[Site "Mittelfranken"]
[Date "2014.03.09"]
[Round "7.8"]
[White "Simon, Thomas"]
[Black "Beller, Johann"]
[Result "1-0"]
[WhiteElo "1487"]
[BlackElo "1584"]
[PlyCount "67"]
[EventDate "2013.10.20"]
[EventType "team-tourn"]
[EventRounds "9"]
[EventCountry "GER"]
[SourceTitle "EXT 2020"]
[Source "ChessBase"]
[SourceDate "2019.10.17"]
[SourceVersion "1"]
[SourceVersionDate "2019.10.17"]
[SourceQuality "1"]
[WhiteTeam "Neumarkt II"]
[BlackTeam "Rothenburg"]
[WhiteTeamCountry "GER"]
[BlackTeamCountry "GER"]

1. e4 Nc6 2. d4 a6 3. Nc3 e6 4. Be2 Nge7 5. Nf3 Ng6 6. Be3 Bb4 7. a3 Ba5 8. h4 d5 9. e5 h6 10. h5 Nge7 11. g4 b5 12. b4 Bb6 13. Nh4 Bb7 14. f4 Qd7 15. 0-0 0-0-0 16. Rb1 g5 17. fxg5 hxg5 18. Nf3 Rdg8 19. a4 bxa4 20. Nxa4 Ba7 21. Nc5 Bxc5 22. bxc5 Nb8 23. Nxg5 Nec6 24. Rxf7 Qe8 25. Rh7 Rxg5 26. Rxh8 Qxh8 27. Bxg5 Qg7 28. Bf6 Qg8 29. Qd3 Qf8 30. c3 Na5 31. Qg6 Nd7 32. Qg7 Qxg7 33. Bxg7 Nc4 34. h6 1-0

[Event "NRW Verbandsliga Group2 1314"]
[Site "Nordrheinwestfalen"]
[Date "2013.09.08"]
[Round "1"]
[White "Simon, Thomas"]
[Black "Canzler, Harald"]
[Result "1/2-1/2"]
[WhiteElo "1693"]
[BlackElo "1991"]
[PlyCount "24"]
[EventDate "2013.09.08"]
[EventType "team-tourn"]
[EventRounds "9"]
[EventCountry "GER"]
[SourceTitle "EXT 2020"]
[Source "ChessBase"]
[SourceDate "2019.10.17"]
[SourceVersion "1"]
[SourceVersionDate "2019.10.17"]
[SourceQuality "1"]
[WhiteTeam "Brackel SF II"]
[BlackTeam "Dortmund SV"]
[WhiteTeamCountry "GER"]
[BlackTeamCountry "GER"]

1. Nf3 d6 2. g3 e5 3. d3 f5 4. Bg2 Nf6 5. 0-0 Be7 6. c3 c6 7. Qb3 Na6 8. Nbd2 Nc5 9. Qc2 Ne6 10. e4 fxe4 11. dxe4 0-0 12. Nc4 Ng4 1/2-1/2

[Event "Dortmund Sparkassen op-A"]
[Site "Dortmund"]
[Date "2013.08.02"]
[Round "7"]
[White "Sherif, Amina"]
[Black "Simon, Thomas"]
[Result "1-0"]
[WhiteElo "1641"]
[BlackElo "1938"]
[PlyCount "49"]
[EventDate "2013.07.27"]
[EventType "swiss"]
[EventRounds "9"]
[EventCountry "GER"]
[SourceTitle "CBM 155 Extra"]
[Source "ChessBase"]
[SourceDate "2013.08.26"]
[SourceVersion "1"]
[SourceVersionDate "2013.08.26"]
[SourceQuality "1"]

1. e4 e6 2. d4 d5 3. Nd2 dxe4 4. Nxe4 Nc6 5. Nf3 Nf6 6. Bd3 Be7 7. 0-0 0-0 8. c3 h6 9. Re1 b6 10. Bc2 Ba6 11. h3 Bd6 12. Nxd6 cxd6 13. Bf4 Rc8 14. Rc1 Na5 15. Bb1 Nc6 16. Qd2 e5 17. Bxh6 Nxd4 18. cxd4 gxh6 19. Rxc8 Bxc8 20. Qxh6 Re8 21. Ng5 e4 22. Nxe4 Nxe4 23. Rxe4 d5 24. Qh7+ Kf8 25. Qh8# 1-0

[Event "Dortmund Sparkassen op-A"]
[Site "Dortmund"]
[Date "2013.07.28"]
[Round "2"]
[White "Simon, Thomas"]
[Black "Algars, Olle"]
[Result "1-0"]
[WhiteElo "1938"]
[BlackElo "2090"]
[PlyCount "47"]
[EventDate "2013.07.27"]
[EventType "swiss"]
[EventRounds "9"]
[EventCountry "GER"]
[SourceTitle "CBM 155 Extra"]
[Source "ChessBase"]
[SourceDate "2013.08.26"]
[SourceVersion "1"]
[SourceVersionDate "2013.08.26"]
[SourceQuality "1"]

1. Nf3 Nf6 2. g3 g6 3. b3 Bg7 4. Bb2 b5 5. Na3 a6 6. c4 c6 7. Bg2 0-0 8. 0-0 d5 9. d3 Bg4 10. Rc1 Qa5 11. cxd5 Nxd5 12. Bxg7 Kxg7 13. Ne5 Qxa3 14. Nxg4 Qxa2 15. e4 Nb4 16. d4 Rd8 17. d5 Qb2 18. f4 cxd5 19. Rf2 dxe4 20. Rxb2 Rxd1+ 21. Rxd1 f5 22. Ne5 N8c6 23. Nxc6 Nxc6 24. b4 1-0

[Event "Bad Zwesten op 16th"]
[Site "Bad Zwesten"]
[Date "2013.01.05"]
[Round "5"]
[White "Simon, Thomas"]
[Black "Niemeyer, Norbert"]
[Result "1-0"]
[WhiteElo "1955"]
[BlackElo "1765"]
[PlyCount "83"]
[EventDate "2013.01.02"]
[EventType "swiss"]
[EventRounds "7"]
[EventCountry "GER"]
[SourceTitle "CBM 152 Extra"]
[Source "ChessBase"]
[SourceDate "2013.02.25"]
[SourceVersion "1"]
[SourceVersionDate "2013.02.25"]
[SourceQuality "1"]

1. Nf3 d5 2. d4 Nf6 3. c4 c6 4. Nc3 e6 5. g3 Be7 6. Bg2 0-0 7. 0-0 dxc4 8. Ne5 Nbd7 9. Nxc4 Nb6 10. Ne5 Nbd7 11. Nd3 Nd5 12. e4 Nxc3 13. bxc3 Nf6 14. Be3 Qa5 15. c4 b5 16. e5 Nd7 17. c5 Bb7 18. Qg4 Rfd8 19. Be4 Nf8 20. Qf3 Qc7 21. Qg2 f5 22. exf6 Bxf6 23. Ne5 Rac8 24. f4 a5 25. g4 g6 26. g5 Bg7 27. Rf2 Ba8 28. h4 Nd7 29. Qg4 Nf8 30. h5 Bxe5 31. fxe5 Qe7 32. Rf6 Rc7 33. hxg6 hxg6 34. Bxg6 Qg7 35. Be4 Rf7 36. Raf1 Rdd7 37. g6 Rfe7 38. Rxf8+ Qxf8 39. Rxf8+ Kxf8 40. Bh6+ Kg8 41. Qf4 Re8 42. g7 1-0

[Event "Unna op"]
[Site "Unna"]
[Date "2012.12.27"]
[Round "2"]
[White "Litwak, Aleksej"]
[Black "Simon, Thomas"]
[Result "1-0"]
[WhiteElo "2263"]
[BlackElo "1955"]
[PlyCount "47"]
[EventDate "2012.12.27"]
[EventType "swiss"]
[EventRounds "7"]
[EventCountry "GER"]
[SourceTitle "CBM 152 Extra"]
[Source "ChessBase"]
[SourceDate "2013.02.25"]
[SourceVersion "1"]
[SourceVersionDate "2013.02.25"]
[SourceQuality "1"]

1. e4 c5 2. Nf3 Nc6 3. d4 cxd4 4. Nxd4 Nf6 5. Nc3 e5 6. Ndb5 d6 7. Bg5 a6 8. Na3 b5 9. Nd5 Be7 10. Bxf6 Bxf6 11. c3 0-0 12. Nc2 Bg5 13. a4 bxa4 14. Rxa4 a5 15. Bc4 Rb8 16. b3 Kh8 17. Nce3 g6 18. h4 Bxe3 19. Nxe3 h6 20. h5 Kg7 21. Qd2 g5 22. 0-0 f5 23. exf5 Bxf5 24. Rd1 1-0

[Event "Dortmund Sparkassen op-A"]
[Site "Dortmund"]
[Date "2012.07.17"]
[Round "4"]
[White "Schmidt, Kai Uwe"]
[Black "Simon, Thomas"]
[Result "1/2-1/2"]
[WhiteElo "2051"]
[BlackElo "1950"]
[PlyCount "107"]
[EventDate "2012.07.14"]
[EventType "swiss"]
[EventRounds "9"]
[EventCountry "GER"]
[SourceTitle "CBM 149 Extra"]
[Source "ChessBase"]
[SourceDate "2012.08.24"]
[SourceVersion "1"]
[SourceVersionDate "2012.08.24"]
[SourceQuality "1"]

1. d4 Nf6 2. c4 e6 3. g3 d5 4. Bg2 Be7 5. Nf3 0-0 6. 0-0 c6 7. Qc2 Nbd7 8. Nbd2 b6 9. e4 Ba6 10. b3 Rc8 11. Rd1 Qc7 12. Bb2 Bb7 13. Rac1 Qb8 14. Qb1 Rfd8 15. Ne5 Nxe5 16. dxe5 Nxe4 17. Nxe4 dxe4 18. Qxe4 Rxd1+ 19. Rxd1 Rd8 20. Rd4 Rxd4 21. Qxd4 c5 22. Qd7 Bxg2 23. Kxg2 Qa8+ 24. f3 Qd8 25. Qxd8+ Bxd8 26. Kf2 g6 27. a3 Be7 28. Ke3 Kf8 29. Ke4 Ke8 30. Bc1 Kd7 31. Bd2 Kc6 32. h4 h5 33. Bh6 a6 34. a4 b5 35. axb5+ axb5 36. Bg7 bxc4 37. bxc4 Kb6 38. Bf6 Bf8 39. Bd8+ Kc6 40. g4 Kd7 41. Bg5 Bg7 42. gxh5 gxh5 43. f4 Kc6 44. f5 Kb6 45. Be3 Bf8 46. Bd2 Ka6 47. f6 Kb6 48. Kd3 Ka6 49. Kc2 Kb6 50. Kb3 Ka6 51. Ka4 Kb6 52. Ba5+ Kc6 53. Bd2 Kb6 54. Ba5+ 1/2-1/2

[Event "Dortmund Sparkassen op-A"]
[Site "Dortmund"]
[Date "2012.07.14"]
[Round "1"]
[White "Simon, Thomas"]
[Black "Braeuer, Karl Heinz"]
[Result "0-1"]
[WhiteElo "1950"]
[BlackElo "2202"]
[PlyCount "124"]
[EventDate "2012.07.14"]
[EventType "swiss"]
[EventRounds "9"]
[EventCountry "GER"]
[SourceTitle "CBM 149 Extra"]
[Source "ChessBase"]
[SourceDate "2012.08.24"]
[SourceVersion "1"]
[SourceVersionDate "2012.08.24"]
[SourceQuality "1"]

1. Nf3 c5 2. c4 Nf6 3. Nc3 a6 4. d4 cxd4 5. Nxd4 Nc6 6. g3 g6 7. Bg2 Bg7 8. 0-0 0-0 9. Nc2 d6 10. Ne3 e6 11. Nc2 Qc7 12. Bf4 e5 13. Bg5 Be6 14. Bxf6 Bxf6 15. Ne3 Be7 16. Ned5 Qd8 17. Qd2 Re8 18. Rfd1 Bf8 19. Ne4 Bxd5 20. Qxd5 Nd4 21. Rd2 Kg7 22. e3 Nf5 23. Qxb7 Rb8 24. Qxa6 Rb6 25. Qa4 Qb8 26. Qc2 Rc8 27. b3 Ne7 28. Nc3 f5 29. Nd5 Nxd5 30. Bxd5 Be7 31. g4 fxg4 32. Be6 Rf8 33. Bxg4 Ra6 34. Qe4 Qb4 35. Qd5 Rfa8 36. Bf3 R8a7 37. Kg2 Ra3 38. Rad1 Rxa2 39. Rxa2 Rxa2 40. Qb7 Qxb7 41. Bxb7 Rb2 42. Bd5 Bh4 43. Rf1 Bd8 44. e4 Bb6 45. h3 Bc5 46. Ra1 Rxf2+ 47. Kg3 Rb2 48. Rf1 Rxb3+ 49. Kg2 h5 50. Rf7+ Kh6 51. h4 Rb2+ 52. Kh3 Be3 53. Rf6 Bf4 54. Rxf4 exf4 55. e5 dxe5 56. c5 Rc2 57. c6 Kg7 58. Be4 Rc3+ 59. Kg2 Kf6 60. c7 Rxc7 61. Bc2 Rxc2+ 62. Kh3 Rc3+ 0-1

[Event "Ruhrgebiet VK3 1112"]
[Site "Nordrheinwestfalen"]
[Date "2012.03.04"]
[Round "7"]
[White "Simon, Thomas"]
[Black "Schaedlich, Andreas"]
[Result "0-1"]
[WhiteElo "1977"]
[BlackElo "1912"]
[PlyCount "128"]
[EventDate "2012.09.18"]
[EventType "team-tourn"]
[EventRounds "9"]
[EventCountry "GER"]
[SourceTitle "EXT 2020"]
[Source "ChessBase"]
[SourceDate "2019.10.17"]
[SourceVersion "1"]
[SourceVersionDate "2019.10.17"]
[SourceQuality "1"]
[WhiteTeam "Brackel SF II"]
[BlackTeam "Wacker Bergeborbeck"]
[WhiteTeamCountry "GER"]
[BlackTeamCountry "GER"]

1. Nf3 d6 2. d4 g6 3. b3 Bg7 4. Bb2 Nf6 5. g3 0-0 6. Bg2 Nbd7 7. 0-0 c6 8. Nbd2 Nb6 9. a4 Bg4 10. e4 Rc8 11. Re1 Ne8 12. h3 Bd7 13. a5 Na8 14. e5 Nac7 15. c4 Na6 16. Ne4 d5 17. Nc3 Nec7 18. Qd2 Bf5 19. Nh4 Be6 20. c5 Qd7 21. Kh2 f6 22. f4 fxe5 23. fxe5 Rf7 24. Rf1 Rcf8 25. Rxf7 Rxf7 26. Rf1 Qe8 27. Bc1 Qf8 28. Nf3 Bf5 29. Ng5 Bh6 30. g4 Be4 31. Rxf7 Qxf7 32. Ncxe4 dxe4 33. Nxf7 Bxd2 34. Bxd2 Kxf7 35. Bxe4 Nb5 36. Be3 Nc3 37. Bf3 Ke6 38. Bd2 Nd5 39. Kg3 Nac7 40. Kh4 Nb5 41. Kg5 Nxd4 42. Bd1 Kxe5 43. Kh6 Kf6 44. g5+ Kf7 45. Kxh7 Ne6 46. Bc2 Nf8+ 47. Kh6 e6 48. h4 Ne7 49. Bxg6+ Nexg6 50. h5 Ne5 51. Bc3 Nf3 52. g6+ Kg8 53. g7 e5 54. b4 Ne6 55. Kg6 Nxg7 56. b5 cxb5 57. a6 bxa6 58. c6 Ne6 59. h6 Nfd4 60. Kf6 Nxc6 61. Kxe6 b4 62. Bb2 e4 63. Kf5 e3 64. Kg6 Ne7+ 0-1

[Event "Ruhrgebiet VK3 1112"]
[Site "Nordrheinwestfalen"]
[Date "2011.09.18"]
[Round "1"]
[White "Bembennek, Ralf"]
[Black "Simon, Thomas"]
[Result "0-1"]
[WhiteElo "1567"]
[BlackElo "1985"]
[PlyCount "46"]
[EventDate "2012.09.18"]
[EventType "team-tourn"]
[EventRounds "9"]
[EventCountry "GER"]
[SourceTitle "EXT 2020"]
[Source "ChessBase"]
[SourceDate "2019.10.17"]
[SourceVersion "1"]
[SourceVersionDate "2019.10.17"]
[SourceQuality "1"]
[WhiteTeam "Ickern"]
[BlackTeam "Brackel SF II"]
[WhiteTeamCountry "GER"]
[BlackTeamCountry "GER"]

1. e4 c5 2. Nf3 Nc6 3. d4 cxd4 4. Nxd4 Nf6 5. Nc3 e5 6. Ndb5 d6 7. Bg5 a6 8. Bxf6 gxf6 9. Na3 b5 10. Nd5 f5 11. exf5 Bxf5 12. c3 Bg7 13. Qf3 Be6 14. Nf6+ Bxf6 15. Qxc6+ Ke7 16. g3 Qc8 17. Qf3 b4 18. cxb4 e4 19. Qxe4 Bxb2 20. Qh4+ Bf6 21. Qf4 Qc3+ 22. Ke2 Qxa1 23. Bg2 Qxa2+ 0-1

[Event "Dortmund Sparkassen op-A"]
[Site "Dortmund"]
[Date "2011.07.29"]
[Round "7"]
[White "Strathoff, Jens"]
[Black "Simon, Thomas"]
[Result "1/2-1/2"]
[WhiteElo "2098"]
[BlackElo "1963"]
[PlyCount "43"]
[EventDate "2011.07.23"]
[EventType "swiss"]
[EventRounds "9"]
[EventCountry "GER"]
[SourceTitle "CBM 143 Extra"]
[Source "ChessBase"]
[SourceDate "2011.08.29"]
[SourceVersion "1"]
[SourceVersionDate "2011.08.29"]
[SourceQuality "1"]

1. e4 c5 2. c4 Nc6 3. Ne2 Nf6 4. Nbc3 d6 5. d4 cxd4 6. Nxd4 g6 7. Be2 Bg7 8. Be3 0-0 9. 0-0 a6 10. Qd2 Nxd4 11. Bxd4 Be6 12. f3 Qa5 13. a3 Rfc8 14. b4 Qh5 15. Rac1 Bxc4 16. Bxc4 Rxc4 17. Bxf6 Bxf6 18. Nd5 Rac8 19. Rxc4 Rxc4 20. Nxf6+ exf6 21. Qxd6 Qe5 22. Qxe5 1/2-1/2

[Event "Dortmund Sparkassen op-A"]
[Site "Dortmund"]
[Date "2011.07.26"]
[Round "4"]
[White "Neuer, Thomas"]
[Black "Simon, Thomas"]
[Result "1-0"]
[WhiteElo "2096"]
[BlackElo "1963"]
[PlyCount "121"]
[EventDate "2011.07.23"]
[EventType "swiss"]
[EventRounds "9"]
[EventCountry "GER"]
[SourceTitle "CBM 143 Extra"]
[Source "ChessBase"]
[SourceDate "2011.08.29"]
[SourceVersion "1"]
[SourceVersionDate "2011.08.29"]
[SourceQuality "1"]

1. Nf3 c5 2. c4 g6 3. g3 Bg7 4. Bg2 Nc6 5. Nc3 e6 6. d4 cxd4 7. Nb5 d5 8. cxd5 Qa5+ 9. Nd2 Qxb5 10. a4 Qb6 11. dxc6 bxc6 12. Nc4 Qb4+ 13. Bd2 Qxc4 14. Rc1 Qa2 15. Bxc6+ Bd7 16. Bxa8 Ne7 17. Bf3 Qxb2 18. 0-0 d3 19. exd3 Nf5 20. Rb1 Qd4 21. Rb8+ Ke7 22. Rb4 Qd6 23. Rb7 Bd4 24. Bb4 Bc5 25. Bxc5 Qxc5 26. Qc1 Qd6 27. Qc7 Nd4 28. Qxd6+ Kxd6 29. Bg2 a5 30. Ra1 h5 31. h4 Rc8 32. Rb6+ Ke7 33. Re1 Rc7 34. Re4 Nf5 35. Rc4 Ra7 36. Rf4 Nd6 37. d4 Nc4 38. Rb8 Nd6 39. d5 e5 40. Rf3 Bxa4 41. Re3 f6 42. f4 Nf5 43. Re1 Nxg3 44. fxe5 fxe5 45. Rxe5+ Kd6 46. Re6+ Kc5 47. Rxg6 Ne2+ 48. Kf2 Nf4 49. Rg5 Nxg2 50. Kxg2 Bd1 51. Rc8+ Kd4 52. d6 Bg4 53. Rc7 Ra6 54. d7 Rd6 55. Rg7 Ke3 56. Kg3 a4 57. Ra7 Kd2 58. Rxg4 hxg4 59. Kxg4 a3 60. h5 Kc2 61. h6 1-0

[Event "Eschborn op 08th"]
[Site "Eschborn"]
[Date "2011.05.14"]
[Round "2"]
[White "Simon, Thomas"]
[Black "Kolker, Vladislav"]
[Result "1/2-1/2"]
[WhiteElo "1958"]
[BlackElo "2104"]
[PlyCount "36"]
[EventDate "2011.05.13"]
[EventType "swiss"]
[EventRounds "5"]
[EventCountry "GER"]
[SourceTitle "EXT 2014"]
[Source "ChessBase"]
[SourceDate "2013.11.20"]
[SourceVersion "1"]
[SourceVersionDate "2013.11.20"]
[SourceQuality "1"]

1. Nf3 f5 2. g3 g6 3. Bg2 Bg7 4. d4 Nf6 5. b4 d6 6. Bb2 0-0 7. c4 Nh5 8. Qc2 f4 9. Nbd2 c6 10. a4 Bg4 11. d5 Qd7 12. Bxg7 Nxg7 13. h3 Bf5 14. Qb2 cxd5 15. cxd5 fxg3 16. e4 gxf2+ 17. Kxf2 Bxe4 18. Nxe4 Qf5 1/2-1/2

[Event "Ruhrgebiet Verbandsliga1 1011"]
[Site "Nordrheinwestfalen"]
[Date "2011.04.10"]
[Round "9.6"]
[White "Marx, Henning"]
[Black "Simon, Thomas"]
[Result "1/2-1/2"]
[WhiteElo "1968"]
[BlackElo "1856"]
[PlyCount "39"]
[EventDate "2011.09.12"]
[EventType "team-tourn"]
[EventRounds "9"]
[EventCountry "GER"]
[SourceTitle "EXT 2020"]
[Source "ChessBase"]
[SourceDate "2019.10.17"]
[SourceVersion "1"]
[SourceVersionDate "2019.10.17"]
[SourceQuality "1"]
[WhiteTeam "Hattingen"]
[BlackTeam "Doppelbauer Brambauer"]
[WhiteTeamCountry "GER"]
[BlackTeamCountry "GER"]

1. d4 Nf6 2. Nf3 e6 3. Bg5 c5 4. c3 Qb6 5. Qc2 Nc6 6. e3 Be7 7. Bd3 h6 8. Bh4 d6 9. Nbd2 d5 10. 0-0 c4 11. Be2 g5 12. Bg3 Nh5 13. Rae1 Nxg3 14. fxg3 f5 15. b3 cxb3 16. axb3 Bd7 17. c4 g4 18. Nh4 Rg8 19. cxd5 Nb4 20. Qb1 1/2-1/2

[Event "Ruhrgebiet Verbandsliga1 1011"]
[Site "Nordrheinwestfalen"]
[Date "2011.01.16"]
[Round "5"]
[White "Simon, Thomas"]
[Black "Tochtrop, Lothar"]
[Result "0-1"]
[WhiteElo "1856"]
[BlackElo "1955"]
[PlyCount "120"]
[EventDate "2011.09.12"]
[EventType "team-tourn"]
[EventRounds "9"]
[EventCountry "GER"]
[SourceTitle "EXT 2020"]
[Source "ChessBase"]
[SourceDate "2019.10.17"]
[SourceVersion "1"]
[SourceVersionDate "2019.10.17"]
[SourceQuality "1"]
[WhiteTeam "Doppelbauer Brambauer"]
[BlackTeam "Bottrop SV"]
[WhiteTeamCountry "GER"]
[BlackTeamCountry "GER"]

1. Nf3 d5 2. c4 dxc4 3. Na3 g6 4. Nxc4 Bg7 5. g3 Nf6 6. Bg2 0-0 7. 0-0 Nbd7 8. d3 Nb6 9. Qc2 Nxc4 10. Qxc4 Nd5 11. Rb1 Rb8 12. Bd2 Nb6 13. Qh4 f6 14. Rbc1 e5 15. Bb4 Re8 16. Nd2 Be6 17. Bc3 Qd7 18. Ne4 g5 19. Nxg5 fxg5 20. Qxg5 Qe7 21. Qh5 Qf7 22. Qh4 Bf6 23. Qh6 Qg6 24. Qd2 Nd5 25. e4 Nxc3 26. bxc3 c5 27. f4 Qh6 28. Qe2 exf4 29. gxf4 Kh8 30. Qf3 Rg8 31. Rf2 Bg4 32. Qe3 b6 33. d4 Rbc8 34. d5 Rge8 35. Qg3 Bd7 36. Qf3 Rf8 37. Rcc2 Be5 38. f5 Qxh2+ 39. Kf1 Qh4 40. Qh3 Bb5+ 41. c4 Qxh3 42. Bxh3 Ba4 43. Rce2 Rf6 44. Ke1 Rg8 45. Kd2 Rg3 46. Bg2 h5 47. Rf3 h4 48. Rxg3 hxg3 49. Ke3 Kg7 50. Rd2 Kf7 51. Rd3 a6 52. Kf3 b5 53. cxb5 axb5 54. Kg4 c4 55. Re3 c3 56. Re1 c2 57. Rh1 Kg7 58. Re1 Rh6 59. Kg5 Rh2 60. d6 Bxd6 0-1

[Event "Hastings Masters op 86th"]
[Site "Hastings"]
[Date "2010.12.31"]
[Round "4"]
[White "Simon, Thomas"]
[Black "Spence, David"]
[Result "0-1"]
[WhiteElo "1971"]
[BlackElo "2237"]
[PlyCount "102"]
[EventDate "2010.12.28"]
[EventType "swiss"]
[EventRounds "9"]
[EventCountry "ENG"]
[SourceTitle "CBM 140 Extra"]
[Source "ChessBase"]
[SourceDate "2011.03.01"]
[SourceVersion "1"]
[SourceVersionDate "2011.03.01"]
[SourceQuality "1"]

1. Nf3 Nf6 2. g3 d5 3. c4 e6 4. d4 Be7 5. Bg2 0-0 6. 0-0 dxc4 7. Qa4 a6 8. Qxc4 b5 9. Qc2 Bb7 10. Bg5 Nbd7 11. Nbd2 Qc8 12. Bxf6 Nxf6 13. Rac1 Bd8 14. Nb3 Be4 15. Qd2 Bd5 16. Ne5 Bxg2 17. Kxg2 Nd7 18. Nxd7 Qxd7 19. Nc5 Qd6 20. Rfd1 Ra7 21. b4 Be7 22. a3 Rd8 23. Qc2 a5 24. bxa5 Qc6+ 25. e4 Rxa5 26. Qd3 Qa8 27. d5 c6 28. Nb3 Ra6 29. Qe3 cxd5 30. exd5 Bxa3 31. Rc7 Rxd5 32. Rxd5 Qxd5+ 33. Kg1 Bf8 34. Rc8 Ra8 35. Rxa8 Qxa8 36. Qd3 Qd5 37. Qc3 b4 38. Qe3 Qc4 39. Qf3 g6 40. h4 h5 41. Kh2 Bd6 42. Qa8+ Kh7 43. Qf3 Qxh4+ 44. Kg1 Qe7 45. Qe4 Qf6 46. Nd4 Bc5 47. Nf3 b3 48. Kg2 b2 49. Qb7 Kg7 50. Qb3 g5 51. Nd2 Qxf2+ 0-1

[Event "Hastings Masters op 86th"]
[Site "Hastings"]
[Date "2010.12.30"]
[Round "3"]
[White "Marusenko, Petr"]
[Black "Simon, Thomas"]
[Result "1-0"]
[WhiteElo "2206"]
[BlackElo "1971"]
[PlyCount "117"]
[EventDate "2010.12.28"]
[EventType "swiss"]
[EventRounds "9"]
[EventCountry "ENG"]
[SourceTitle "CBM 140 Extra"]
[Source "ChessBase"]
[SourceDate "2011.03.01"]
[SourceVersion "1"]
[SourceVersionDate "2011.03.01"]
[SourceQuality "1"]

1. d4 Nf6 2. c4 e6 3. Nc3 Bb4 4. f3 d5 5. a3 Bxc3+ 6. bxc3 c5 7. cxd5 Nxd5 8. Qd2 Nc6 9. e4 Nf6 10. Bb2 0-0 11. Bb5 Qa5 12. a4 cxd4 13. cxd4 Qxd2+ 14. Kxd2 Rd8 15. Ke3 Nb4 16. Rc1 a6 17. Bc4 b5 18. axb5 axb5 19. Bb3 Bb7 20. Ne2 Nc6 21. Rc5 Nd7 22. Rc2 Na5 23. Ba2 b4 24. Bb1 Ba6 25. Nc1 Rdc8 26. Rxc8+ Rxc8 27. Nd3 Nc4+ 28. Kf4 Nxb2 29. Nxb2 b3 30. Ke3 Nb6 31. Rd1 Nc4+ 32. Nxc4 Rxc4 33. Rd3 Rb4 34. Rc3 b2 35. Ra3 Bb7 36. Kd3 g5 37. Kc3 Rb6 38. Rb3 Rc6+ 39. Kd2 Ba6 40. Bd3 Bxd3 41. Kxd3 Ra6 42. Rxb2 Kg7 43. d5 exd5 44. exd5 Ra4 45. Re2 Kf6 46. h3 Ra3+ 47. Kd4 Ra4+ 48. Kc5 Ra5+ 49. Kc6 Ra6+ 50. Kb5 Ra1 51. d6 Rb1+ 52. Kc6 Rc1+ 53. Kd7 Rd1 54. Kc7 Rc1+ 55. Kd8 Ra1 56. d7 Ra8+ 57. Kc7 Ra7+ 58. Kc8 Ra8+ 59. Kb7 1-0